00528nam a2200157 a 450000500170000000800410001702000180005805000250007610000170010124501290011826000390024730000310028652100090031765000170032665000270034320140310183522.0111019s19uu xx 00 eng d a9781907312366 aHF 5429 b.B285 2010 aBarclay, Liz aThe unauthorized guide to doing business the Philip Green way :b10 secrets of the billionare retail magnate /cLiz Barclay. aUnited Kingdom :bCapstone,c2010. a156 p. :bill. ;c124 p. : aBSBA aRetail trade aGreen, Philip (1952- )